Państwa z najdłuższymi sieciami kolei dużych prędkości - Statystyki

Ogólne statystyki
  • Ten quiz został rozwiązany 23 razy
  • Średni wynik to 17 z 20
Statystyki odpowiedzi
Długość Odpowiedź % Poprawnych
3 977 km Francja
100%
4 327 km Hiszpania
100%
2 727 km Japonia
100%
3 521 km Niemcy
100%
224 km Polska
100%
735 km Stany Zjednoczone
100%
45 000 km Chiny
95%
860 km Szwecja
95%
1 927 km Wielka Brytania
95%
2 020 km Włochy
95%
254 km Austria
89%
1 282 km Korea Południowa
89%
650 km Rosja
89%
1 120 km Finlandia
84%
227 km Portugalia
79%
1 213 km Turcja
79%
449 km Arabia Saudyjska
74%
332 km Tajwan
63%
700 km Grecja
53%
741 km Uzbekistan
16%
Nie znaleziono quizów pasujących do podanych kryteriów
Rozkład punktacji
Procent ludzi z każdym wynikiem
Percentyl według liczby udzielonych odpowiedzi
Twoja historia wyników
Nie rozwiązałeś tego quizu